LEADER 01415nam 2200385 450 001 000008434 005 20070503173600.0 100 $a20010620d1996----km-y0itay0103----ba 101 0 $aita 102 $aIT 200 1 $a<> studio e l'insegnamento della storia medievale$espunti di riflessione su questioni preliminari e di metodo$fRolando Dondarini 200 1 $a1 $n0007828 210 $aBologna$cCLUEB$d1996 215 $a79 p.$d22 cm. 225 1 $aAlma$iMateriali di didattica 606 $aStoria medioevale$xInsegnamento 676 $a940.1072$v(20. ed.)$9Storia generale d'Europa. Fino al 1453. Storiografia 700 1$aDondarini,$bRolando$0157303 801 0$aIT$bUniversità della Basilicata - B.I.A.$gRICA$2unimarc 912 $a000008434 996 $aStudio e l'insegnamento della storia medievale$977305 997 $aUNIBAS BAS $aMONLET BAS $aMONOGR BAS $aLETTERE CAT $aOB002$b00$c20010620$lBAS01$h1010 CAT $aDILEO$b20$c20010620$lBAS01$h1514 CAT $c20050601$lBAS01$h1754 CAT $abatch$b01$c20050718$lBAS01$h1049 CAT $c20050718$lBAS01$h1109 CAT $c20050718$lBAS01$h1139 CAT $c20050718$lBAS01$h1153 CAT $aBATCH$b00$c20070503$lBAS01$h1736 FMT Z30 -1$lBAS01$LBAS01$mBOOK$1BASA1$APolo Storico-Umanistico$2DSLA$BCollezione DiSSLA$3DD/4933$64933$5D4933$820010620$f04$FPrestabile Didattica LEADER 03106nam 2200613 a 450 001 996202109503316 005 20240418141447.0 010 $a1-281-14943-8 010 $a9786611149437 010 $a0-19-152696-7 035 $a(CKB)1000000000412362 035 $a(EBL)415107 035 $a(OCoLC)437092689 035 $a(SSID)ssj0000108360 035 $a(PQKBManifestationID)11129022 035 $a(PQKBTitleCode)TC0000108360 035 $a(PQKBWorkID)10036125 035 $a(PQKB)10396369 035 $a(StDuBDS)EDZ0000072364 035 $a(MiAaPQ)EBC415107 035 $a(Au-PeEL)EBL415107 035 $a(CaPaEBR)ebr10190484 035 $a(CaONFJC)MIL114943 035 $a(EXLCZ)991000000000412362 100 $a20070312d2007 uy 0 101 0 $aeng 135 $aur|n|---||||| 181 $ctxt 182 $cc 183 $acr 200 10$aBacchylides$b[electronic resource] $epolitics, performance, poetic tradition /$fDavid Fearn 205 $a1st ed. 210 $aOxford ;$aNew York $cOxford University Press$d2007 215 $a1 online resource (441 p.) 225 1 $aOxford classical monographs 300 $aDescription based upon print version of record. 311 $a0-19-170701-5 311 $a0-19-921550-2 320 $aIncludes bibliographical references (p. [363]-400) and indexes. 327 $aContents; List of figures; List of abbreviations; Tradition and Contextualization; I. Bacchylides Fragment 5; II. Poetic Tradition and Patronage; PART I. PRAISE; 1. The Politics of Fantasy: Bacchylides on Alexander of Macedon (fr. 20B); 2. Homeric Fire, Aiginetan Glory, Panhellenic Reception: Bacchylides 13; PART II. BACCHYLIDES' DITHYRAMBS AND THE KUKLIOS KHOROS; 3. Bacchylides and the Kuklios Khoros: Performance, Genre, and Reception; 4. Contexts; 5. Bacchylides 15: Troy in Athens; Appendix 1. Dating Bacchylides 13; Appendix 2. A New Reconstruction of Bacchylides 13.155-67; References 327 $aIndex of Passages CitedGeneral Index; A; B; C; D; E; F; G; H; I; J; K; L; M; N; O; P; R; S; T; V; W; X; Z 330 $aAn original and wide-ranging study of the Greek lyric poet Bacchylides, exploring his engagement with poetic tradition and evaluating the complex relationship of the poetry to its multiple contexts of performance. - ;Bacchylides: Politics, Performance, Poetic Tradition combines close literary analysis of Bacchylides' poetry with detailed discussion of the central role poetry played in a variety of differing political contexts throughout Greece in the early fifth century BC. In Bacchylides' praise poetry, David Fearn argues, the poet manipulates a wide range of earlier Greek literature not only 410 0$aOxford classical monographs. 606 $aLaudatory poetry, Greek$xHistory and criticism 615 0$aLaudatory poetry, Greek$xHistory and criticism. 676 $a884/.01 700 $aFearn$b David$f1975-$0977737 801 0$bMiAaPQ 801 1$bMiAaPQ 801 2$bMiAaPQ 906 $aBOOK 912 $a996202109503316 996 $aBacchylides$92227461 997 $aUNISA